Productivité de l'herbe (notice nᵒ 36108)
[ vue normale ]
| 000 -LEADER | |
|---|---|
| fixed length control field | 02392nam a22002417a 4500 |
| 005 - DATE AND TIME OF LATEST TRANSACTION | |
| control field | 20250212135423.0 |
| 020 ## - ISBN | |
| ISBN | 978-2-85557-573-5 |
| 037 ## - SOURCE D'ACQUISITION | |
| Cote | BC_729 72 |
| Forme de support | Broché |
| 040 ## - SOURCE DU CATALOGAGE | |
| Origine cataloguage | BC-ENSA |
| Langue du catalogage | fre |
| 041 ## - CODE DE LANGUE | |
| Langue | Français |
| Langue du résumé | Français |
| 080 ## - INDICE DE LA CLASSIFICATION DÉCIMALE UNIVERSELLE | |
| Indice CDU | 635.7 |
| 100 ## - VEDETTE PRINCIPALE - AUTEUR PRINCIPAL | |
| Auteur | VOISIN, André |
| 245 ## - MENTION DU TITRE | |
| Titre | Productivité de l'herbe |
| Complément de titre | : édition originale de 1957 |
| 260 ## - PUBLICATION, DIFFUSION, ETC. (ADRESSE BIBLIOGRAPHIQUE) | |
| Lieu d'édition | Paris |
| Nom de l'éditeur | Editions France Agricole |
| Année d'édition | 2018 |
| 300 ## - DESCRIPTION MATÉRIELLE | |
| Nombre de pages | 439 p. |
| Illustration | couv. ill. en coul.; ill. |
| Format | 23 cm |
| 541 ## - NOTE SUR LA SOURCE IMMÉDIATE D'ACQUISITION | |
| Méthode d'acquisition | Achat National |
| 562 ## - NOTE D'IDENTIFICATION DES EXEMPLAIRES ET VERSIONS | |
| Numbre d' exemplaire | 01 exemplaire(s) |
| 942 ## - ADDED ENTRY ELEMENTS (KOHA) | |
| Type document | Ouvrage |
| 490 ## - MENTION DE COLLECTION | |
| Titre Collection | Agriproduction : productions végétales et grandes cultures |
| 520 ## - RÉSUMÉ, ETC. | |
| Résumé | Quand André Voisin rédige cet ouvrage, il ne peut imaginer que plus d'un demi-siècle plus tard, il serait le livre à penser de centaines d'éleveurs, d'universitaires et de scientifiques à travers le monde, Etats-Unis, Amérique latine, Canada, Brésil et même Argentine. En France, si l'ouvrage est connu de certains spécialistes, sa diffusion reste confidentielle.<br/><br/>Aujourd'hui, les professionnels se l'approprient plus largement. C'est pourquoi nous avons décidé de le mettre à nouveau à disposition des éleveurs sous sa forme originelle, celle de 1957.<br/>Le pâturage rationnel consiste à intervenir dans l'identification des composants du sol, dans la croissance de l'herbe et à guider l'animalqui la pâture.<br/>André Voisin énonce donc et développe au fil de son ouvrage, dix règles fondamentales, qui constituent la trame de la conduite des herbages pour les éleveurs soucieux de qualité et de sécurité alimentaire. Il est le précurseur de l'agriculture biologique, mais aussi d'une philosophie humanitaire et universelle. Il aimait souvent répéter à ses interlocuteurs : " De l'équilibre du sol dépend de la santé de l'animal et de l'homme ".<br/>S'il le fallait, pour se convaincre de l'importance de ses travaux et de leur pertinence, encore aujourd'hui, il suffirait de consulter Internet et de noter les centaines de références à ses travaux par des chercheurs du monde entier. Au moment où certains excès de la productivité ont généré les problèmes que l'on connaît, il était temps de réhabiliter les travaux de ce chercheur qui avait déjà " tout compris " il y a plus de 50 ans. |
| 650 ## - DESCRIPTEURS | |
| Agrovoc | HERBE/HERBAGE/CROISSANCE/PRODUCTIVITÉ/COMPOSITION/ENGRAIS |
| 653 ## - DESCRIPTEUR LIBRE | |
| Mots clés libres | CROISSANCE DE L'HERBE/PRODUCTION DE L'HERBE/INFLUENCE DES ENGRAIS |
| statut de retrait | Statut | emplacement permanent | Localisation actuelle | emplacement rayonnages | Cote | code à barre | Koha type d'élément |
|---|---|---|---|---|---|---|---|
| Bibliothèque Centrale | Bibliothèque Centrale | Magasin 1 haut | BC_729 72 | BC_729 72 | Ouvrage |